00813nam a22002177a 4500003000500000005001700005008004100022010001000063011001000073035001000083040000900093100003200102245014000134260005800274300000900332500012200341650004900463650002200512700002800534700003300562CHAP20220329141032.0971013s1992 r 00010 d a61624 a62596 a66770 cCHAP00aNúñez Escobar, Roberto. aCaracterización de variedades criollas de haba (Vicia faba L.) a la resistencia a factores adversos en los Llanos de Serdán, Puebla aMontecillo, Méx. :bColegio de Postgraduados,c1992 a4 h. aAntepropuestas para presentarse ante la Organización de las Naciones Unidas para la Agricultura y la Alimentación14aHabaxVariedades resistentes a enfermedades.14aHabaxVariedades.0 aLivera Díaz, Domingo.0 aSandoval Castro, Engelberto.